[Event "WORLD JUNIOR CHESS CHAMPIONSHIP"]
[Site "PUERTO MADRYN - ARGENTINA"]
[Date "2009.10.23"]
[Round "2"]
[White "Flores, Nancy"]
[Black "Jorquera Cabello, Valentina"]
[Result "1-0"]
[WhiteElo "1927"]
[BlackElo "1997"]

1.Nf3 Nf6 2.g3 g6 3.Bg2 Bg7 4.d3 d6 5.e4 c5 6.O-O O-O 7.Nbd2 Nc6 8.Re1 e5 9.c3 b5
10.b3 d5 11.exd5 Nxd5 12.Bb2 Bb7 13.c4 Ndb4 14.cxb5 Nxd3 15.bxc6 Nxb2 16.cxb7 Nxd1 17.bxa8=Q
Qxa8 18.Raxd1 Qb8 19.Nc4 f6 20.Bh3 Kh8 21.Rd7 Qa8 22.Nh4 e4 23.Nd6 f5 24.Bf1 Bc3
25.Rd1 Bd4 26.Ng2 e3 27.fxe3 Qf3 28.Rd3 Qc6 29.Nf7+ Kg8 30.Nh6+ Kh8 31.Rxa7 Qb6
32.Ra4 Bg7 33.Rd7 Bxh6 34.Raa7 Re8 35.Rxh7+ Kg8 36.Bc4+ Re6 37.Rhe7  1-0

[Event "WORLD JUNIOR CHESS CHAMPIONSHIP"]
[Site "PUERTO MADRYN - ARGENTINA"]
[Date "2009.10.23"]
[Round "2"]
[White "Zhang, Xiaowen"]
[Black "Hayrapetyan, Anna"]
[Result "1/2-1/2"]
[WhiteElo "2391"]
[BlackElo "2212"]
[Annotator ",NOTEBOOK"]

1.e4 c5 2.Nf3 d6 3.d4 cxd4 4.Nxd4 Nf6 5.Nc3 g6 6.Be3 Bg7 7.Be2 O-O 8.O-O Nc6 9.Qd2
Bd7 10.f3 Ne5 11.Rfd1 Rc8 12.a4 Nc4 13.Bxc4 Rxc4 14.Nde2 Qa5 15.b3 Rc7 16.Ra2 Qa6 17.Bd4
Bc6 18.Rc1 b6 19.Nd5 Nxd5 20.exd5 {ilegible}  1/2-1/2

[Event "WORLD JUNIOR CHESS CHAMPIONSHIP"]
[Site "PUERTO MADRYN - ARGENTINA"]
[Date "2009.10.23"]
[Round "2"]
[White "Fuchs, Judith"]
[Black "Congiu, Mathilde"]
[Result "1-0"]
[WhiteElo "2207"]
[BlackElo "2149"]

1.e4 e5 2.Bc4 Nf6 3.d3 c6 4.Nf3 d5 5.Bb3 Bd6 6.Nbd2 O-O 7.O-O Re8 8.Re1 Nbd7 9.c3
Nf8 10.Nf1 Ng6 11.Ng3 h6 12.Be3 Qc7 13.h3 Be6 14.Qc2 Nd7 15.a4 Qd8 16.Ba2 Nf4 17.Ne2
dxe4 18.dxe4 Bxa2 19.Rxa2 Qf6 20.Nh2 Qg6 21.Ng3 Nf6 22.Nf3 N6h5 23.Bxf4 Nxf4 24.Raa1
Bc5 25.Kh2 a5 26.Rad1 Qe6 27.Rd2 Rad8 28.Red1 Bb6 29.Nf5 Bc7 30.Ne3 Rd6 31.Nf5
Rdd8 32.g3 Nh5 33.Kg2 Rxd2 34.Rxd2 Nf6 35.Ne1 Kh7 36.Ne3 Bb6 37.Nf5 Bc5 38.Nd3
Bf8 39.Nc1 Qc4 40.f3 Qc5 41.Qb3 Kg8 42.Qxb7 g6 43.Nd3 Qc4 44.Ne3 Qxa4 45.c4 Re7 46.Qb8
Re8 47.Qb6 Nd7 48.Qc7 Re7 49.Qd8 Nf6 50.Nxe5 Qb4 51.Nxc6 Rd7 52.Nxb4 Rxd8 53.Rxd8
 1-0

[Event "WORLD JUNIOR CHESS CHAMPIONSHIP"]
[Site "PUERTO MADRYN - ARGENTINA"]
[Date "2009.10.23"]
[Round "3"]
[White "Cori Tello, Deysi"]
[Black "Ivakhinova, Inna"]
[Result "1/2-1/2"]
[WhiteElo "2361"]
[BlackElo "2249"]

1.d4 Nf6 2.c4 c5 3.d5 b5 4.cxb5 a6 5.b6 Qxb6 6.Nc3 d6 7.e4 g6 8.Nf3 Bg7 9.Be2 Bg4
10.e5 dxe5 11.Nxe5 Bxe2 12.Qxe2 O-O 13.O-O Re8 14.Nc4 Qb4 15.Bg5 Nbd7 16.Rad1 h6
17.Bf4 Nb6 18.Nxb6 Qxb6 19.Rd2 Rad8 20.Rfd1 Rd7 21.h3 Red8 22.Be5 Nh5 23.Bxg7
Kxg7 24.Qc4 Nf6 25.Qf4 Qd6 26.Qe3 Qc7 27.Qe2 Qb6 28.b3 Qb4 29.Qe5 Kh7 30.d6 Ng8
31.Ne4 exd6 32.Rxd6 Rxd6 33.Rxd6 Rxd6 34.Nxd6 f5 35.Nc4 h5 36.Qc7+ Kh6 37.Qe5 Kh7
38.h4 Nh6 39.Qe7+ Kg8 40.Qe3 Ng4 41.Qe6+ Kg7 42.f3 Nh6 43.Kh2 Nf7 44.Kh3 Qc3 45.Nb6
Qa1 46.Nd5 Qd4 47.f4 Qd3+ 48.Kh2 Qd4 49.Kh3 Qd3+ 50.Kh2 Qd4 51.a4 Nh6 52.Qe7+ Kg8
53.Qd8+ Kg7 54.Qc7+ Kf8 55.Qd8+ Kf7 56.Qe7+ Kg8 57.Qe6+ Kg7 58.Qe5+ Qxe5 59.fxe5
Ng4+ 60.Kg3 Nxe5 61.Nc7 a5 62.Ne6+ Kf6 63.Nxc5 g5 64.hxg5+ Kxg5 65.Ne6+ Kf6 66.Nd4
Kg5 67.Ne6+ Kf6 68.Nd4 Kg5 69.b4 axb4 70.a5 h4+ 71.Kh3 Nc4 72.a6 Nb6 73.a7 Na8
74.Nb3 Kh5 75.Nc5 Kg5 76.Nb3 Kh5 77.Nd4 Kg5 78.Ne6+ Kf6 79.Nd4 Kg5 80.Nb3 Kh5  1/2-1/2

[Event "WORLD JUNIOR CHESS CHAMPIONSHIP"]
[Site "PUERTO MADRYN - ARGENTINA"]
[Date "2009.10.23"]
[Round "3"]
[White "Umudova, Nargiz"]
[Black "Harini, Sankaran"]
[Result "1-0"]
[WhiteElo "2254"]
[BlackElo "2109"]

1.Nf3 c5 2.g3 d5 3.Bg2 Nf6 4.O-O Nc6 5.d3 e6 6.Nbd2 Be7 7.e4 O-O 8.e5 Nd7 9.Re1
Qc7 10.Qe2 Nb4 11.Nf1 c4 12.d4 b5 13.h4 c3 14.b3 a5 15.a3 Nc6 16.Bg5 f6 17.exf6 Nxf6
18.Qd3 b4 19.Bxf6 gxf6 20.a4 f5 21.N1h2 f4 22.g4 Bf6 23.g5 Bg7 24.Bh3 Qf7 25.Ng4
Ba6 26.Qd1 Rae8 27.Nfe5 Nxe5 28.dxe5 f3 29.Nf6+ Bxf6 30.gxf6 Be2 31.Qd4 Kh8 32.Kh2 Qc7
33.Kh1 Rf7 34.Rg1 Qa7 35.Qxa7 Rxa7 36.Rg4 Rd7 37.Rd4 Rc7 38.Rg1 Rd7 39.Kh2 Rc7
40.Rdg4 Rd7 41.Rd4 Rc7 42.h5 h6 43.Rg6 Kh7 44.Kg3 Bc4 45.bxc4 b3 46.Rd1 dxc4 47.Bf1
bxc2 48.Rc1 Rc5 49.Rxc2 Rxe5 50.Bxc4 Rxh5 51.Bd3 Kh8 52.Rxc3 Rf8 53.Rc7 Rg5+ 54.Rxg5
hxg5 55.Rh7+ Kg8 56.f7+ Rxf7 57.Rxf7 Kxf7 58.Kxf3  1-0

[Event "WORLD JUNIOR CHESS CHAMPIONSHIP"]
[Site "PUERTO MADRYN - ARGENTINA"]
[Date "2009.10.23"]
[Round "3"]
[White "Herrera, Milena"]
[Black "Padmini, Rout"]
[Result "0-1"]
[WhiteElo "2141"]
[BlackElo "2331"]

1.e4 c5 2.Nf3 d6 3.d4 cxd4 4.Nxd4 Nf6 5.Nc3 a6 6.Bg5 e6 7.f4 Qb6 8.Qd2 Nc6 9.Bxf6
gxf6 10.Nb3 Bd7 11.O-O-O O-O-O 12.Be2 h5 13.Rhf1 Kb8 14.Rf3 Ne5 15.Rh3 h4 16.Kb1 Ng6
17.f5 Ne5 18.Qe1 Rc8 19.fxe6 fxe6 20.Rxh4 Rg8 21.Qg1 Qc7 22.Qf2 Rg7 23.Rh8 Nf7
24.Rh3 Be7 25.Rg3 Rh7 26.h3 Ne5 27.Bd3 b5 28.Qf1 Qb6 29.Qg1 Qc7 30.Qf1 Qb6 31.Qg1
Qc7 32.Qf1 Qb6 33.Qg1 Kb7 34.Qxb6+ Kxb6 35.Nd4 b4 36.Nce2 Nxd3 37.Rgxd3 e5 38.Nb3
Bc6 39.Re3 Rg8 40.g4 Rd8 41.Nd2 d5 42.exd5 Rxd5 43.Nc4+ Kb5 44.Rxd5+ Bxd5 45.Nxe5 fxe5
46.Rxe5 Kc6 47.Nf4 Bc4 48.c3 bxc3 49.bxc3 Bf6 50.Re4 Rb7+ 51.Kc1 Kc5 52.g5 Bxc3
53.Kc2 Bg7 54.Nd3+ Kd5 55.Re8 Bxa2 56.Rd8+ Ke6 57.Rc8 Ke7 58.Ra8 Rc7+ 59.Kd2 Bc4
60.h4 Ke6 61.Rd8 Ke7 62.Rd4 {ilegible}  0-1

[Event "WORLD JUNIOR CHESS CHAMPIONSHIP"]
[Site "PUERTO MADRYN - ARGENTINA"]
[Date "2009.10.23"]
[Round "3"]
[White "Kalinina, Olga"]
[Black "Paikidze, Nazi"]
[Result "1-0"]
[WhiteElo "2229"]
[BlackElo "2279"]

1.e4 c5 2.Nf3 d6 3.d4 cxd4 4.Nxd4 Nf6 5.Nc3 Nc6 6.f4 Qb6 7.Nf3 g6 8.Bd3 Bg7 9.Qe2
O-O 10.Rb1 Nd7 11.Nd5 Qd8 12.O-O Nc5 13.Be3 Bg4 14.Qf2 Rc8 15.Nc3 Qa5 16.Bd2 Qc7 17.Qh4
Qd7 18.Nd5 f5 19.exf5 Bxf5 20.Bb5 Rfe8 21.Bc3 Ne4 22.Ng5 h6 23.Nxe4 Bxe4 24.Ne3
Rf8 25.Rbe1 d5 26.Bxg7 Kxg7 27.f5 g5 28.Qh3 Qd6 29.Bd3 Rf6 30.Ng4 Ne5 31.Nxf6 exf6 32.Bxe4
dxe4 33.Rxe4 Rxc2 34.Qb3 Qc6 35.Rfe1 Qc7 36.Kh1 b6 37.h3 Rc5 38.Qe6 Qf7 39.Qd6
Rd5 40.Qb8 Qd7 41.Kh2 Rd2 42.Rxe5 fxe5 43.f6+ Kf7 44.Qh8 Rxg2+ 45.Kxg2 Qd2+ 46.Kf1
Qd3+ 47.Kf2 Qd4+ 48.Kf3 Qd3+ 49.Kf2 Qd4+ 50.Re3 Qd2+ 51.Re2  1-0

[Event "WORLD JUNIOR CHESS CHAMPIONSHIP"]
[Site "PUERTO MADRYN - ARGENTINA"]
[Date "2009.10.23"]
[Round "3"]
[White "Zhang, Xiaowen"]
[Black "Amed, Stephanie"]
[Result "1-0"]
[WhiteElo "2391"]
[BlackElo "2159"]

1.e4 e6 2.d4 d5 3.Nd2 c5 4.exd5 Qxd5 5.Ngf3 cxd4 6.Bc4 Qd6 7.O-O Nf6 8.Nb3 Nc6 9.Nbxd4
Nxd4 10.Nxd4 a6 11.Re1 Qc7 12.Qe2 Bd6 13.h3 O-O 14.Bg5 Qc5 15.Be3 Qe5 16.Nf3 Qh5 17.Rad1
Bc7 18.Rd4 Bd7 19.Rh4 Qa5 20.Bg5 Bc6 21.Bxf6 Bxf3 22.Qxf3 Qxe1+ 23.Bf1 g6 24.Bc3
Bd8 25.Bxe1 Bxh4 26.Bc3 Rfe8 27.Qxb7 a5 28.Qe4 Bg5 29.Bb5 Red8 30.Qe5  1-0

[Event "WORLD JUNIOR CHESS CHAMPIONSHIP"]
[Site "PUERTO MADRYN - ARGENTINA"]
[Date "2009.10.23"]
[Round "3"]
[White "Leks, Hanna"]
[Black "Paulet, Iozefina"]
[Result "1/2-1/2"]
[WhiteElo "2169"]
[BlackElo "2342"]

1.e4 c5 2.Nf3 d6 3.d4 cxd4 4.Nxd4 Nf6 5.f3 e5 6.Nb3 d5 7.Bg5 Be6 8.Bxf6 gxf6 9.exd5
Qxd5 10.Qxd5 Bxd5 11.Nc3 Be6 12.Nb5 Kd7 13.O-O-O+  1/2-1/2

[Event "WORLD JUNIOR CHESS CHAMPIONSHIP"]
[Site "PUERTO MADRYN - ARGENTINA"]
[Date "2009.10.23"]
[Round "3"]
[White "Mikadze, Miranda"]
[Black "Fuchs, Judith"]
[Result "1-0"]
[WhiteElo "2317"]
[BlackElo "2207"]

1.e4 c5 2.c3 Nf6 3.e5 Nd5 4.d4 cxd4 5.Qxd4 e6 6.Nf3 Nc6 7.Qe4 f5 8.Qe2 d6 9.g3 Be7
10.Bg2 O-O 11.exd6 Bxd6 12.O-O Bd7 13.Rd1 Bc7 14.Na3 a6 15.Ng5 Qf6 16.Rxd5 exd5 17.Bxd5+
Kh8 18.Nxh7 Qg6 19.Nxf8 Rxf8 20.Bd2 f4 21.Bc1 Bb6 22.Qe4 Qg5 23.Qg2 f3 24.Bxf3
Rxf3 25.Qxf3 Ne5 26.Qxb7 Bc6 27.Qxb6 Nf3+ 28.Kf1 Qd5 29.Qe3 Nxh2+ 30.Ke2 Nf3 31.Bd2
Qh5 32.Kd1 Nd4+ 33.Kc1 Ne2+ 34.Kc2 Qf5+ 35.Kb3 Qa5 36.Rh1+ Kg8 37.Qe6+  1-0

[Event "WORLD JUNIOR CHESS CHAMPIONSHIP"]
[Site "PUERTO MADRYN - ARGENTINA"]
[Date "2009.10.23"]
[Round "3"]
[White "Hayrapetyan, Anna"]
[Black "Steil-Antoni, Fiona"]
[Result "1/2-1/2"]
[WhiteElo "2212"]
[BlackElo "2152"]

1.e4 e5 2.Nf3 Nc6 3.Bb5 a6 4.Bxc6 dxc6 5.O-O f6 6.d4 Bg4 7.dxe5 Qxd1 8.Rxd1 Bxf3
9.gxf3 fxe5 10.f4 Bd6 11.fxe5 Bxe5 12.Nd2 O-O-O 13.Re1 Ne7 14.Nc4 Bd4 15.Bg5 Bf6
16.Bxf6 gxf6 17.Rad1 Ng6 18.Rxd8+ Rxd8 19.Kg2 Rd4 20.Na3 Nf4+ 21.Kf3 Ne6 22.Ke3
c5 23.Rg1 b5 24.c3 Rd8 25.Nc2 c4 26.Nd4 Nc5 27.Rg7 Rd7 28.Rg8+ Kb7 29.f3 Na4 30.Rg2
c5 31.Ne6 Rd3+ 32.Kf4 b4 33.b3 Rd6 34.Kf5 cxb3 35.axb3 Nxc3 36.Nxc5+ Kb6 37.Ne6
Rd3 38.f4 Re3 39.e5 fxe5 40.fxe5 Nd5 41.Nd4 Rxb3 42.Nxb3 Ne3+ 43.Ke4 Nxg2 44.e6
Kc7 45.Nc5 Kd6 46.Nxa6 b3 47.Kd3 Ne1+ 48.Kc3 Kxe6 49.Kxb3 Nf3 50.Kc4 Kf5 51.Kd3
Kg4 52.Ke3 Nxh2 53.Kf2 h5 54.Nc5 h4 55.Ne4 h3 56.Ng3 Nf3  1/2-1/2

[Event "WORLD JUNIOR CHESS CHAMPIONSHIP"]
[Site "PUERTO MADRYN - ARGENTINA"]
[Date "2009.10.23"]
[Round "3"]
[White "Gomes, Mary Ann"]
[Black "Olsarova, Tereza"]
[Result "1/2-1/2"]
[WhiteElo "2396"]
[BlackElo "2150"]

1.Nf3 c5 2.b3 Nc6 3.Bb2 d5 4.g3 Bf5 5.Bg2 Nf6 6.O-O e6 7.d3 h6 8.Nbd2 Be7 9.e4 Bh7
10.Ne5 Nxe5 11.Bxe5 O-O 12.f4 Qd7 13.Qe2 Rac8 14.Rae1 Rfd8 15.Bxf6 Bxf6 16.e5 Be7
17.g4 b5 18.Nf3 c4 19.bxc4 bxc4 20.d4 Qa4 21.Rf2 c3 22.Bh3 Be4 23.Rd1 Rc4 24.f5
Bxf3 25.Qxf3 Rxd4 26.Rdf1 Bc5 27.Kh1 Re4 28.fxe6 fxe6 29.Qf7+ Kh8 30.Rf6 Qe8 31.Rxh6+
gxh6 32.Qf6+ Kh7 33.g5 Rh4 34.Bxe6 Rxh2+ 35.Kxh2 Qh5+ 36.Kg3 Qxg5+ 37.Qxg5 hxg5 38.Kg4
Re8 39.Bf5+ Kg7 40.e6 Be3 41.Rh1 Kf6 42.Rh7 Ke5 43.Rc7 d4 44.Rxa7 d3  1/2-1/2

[Event "WORLD JUNIOR CHESS CHAMPIONSHIP"]
[Site "PUERTO MADRYN - ARGENTINA"]
[Date "2009.10.23"]
[Round "3"]
[White "Severiukhina, Zoja"]
[Black "Motycakova, Monika"]
[Result "1-0"]
[WhiteElo "2339"]
[BlackElo "2038"]

1.e4 e5 2.Nf3 Nc6 3.Bb5 a6 4.Ba4 Nf6 5.O-O Be7 6.Re1 b5 7.Bb3 d6 8.c3 O-O 9.h3 Na5
10.Bc2 c5 11.d4 Qc7 12.Nbd2 cxd4 13.cxd4 Nc6 14.Nb3 a5 15.Be3 a4 16.Nbd2 Bd7 17.Rc1
Qb7 18.Nf1 Rfe8 19.Ng3 h6 20.d5 Nb4 21.Bb1 Rec8 22.Qd2 Na6 23.Rxc8+ Rxc8 24.Nh4
Nc5 25.Nhf5 Bf8 26.Qe2 Bxf5 27.Nxf5 Ncxe4 28.Bxe4 Nxe4 29.Qg4 Ng5 30.h4 Rc4 31.f4
Nh7 32.b3 axb3 33.axb3 Re4 34.Rc1 Qxd5 35.Rc8  1-0

[Event "WORLD JUNIOR CHESS CHAMPIONSHIP"]
[Site "PUERTO MADRYN - ARGENTINA"]
[Date "2009.10.23"]
[Round "3"]
[White "Colombo, Camila"]
[Black "Daulyte, Deimante"]
[Result "1/2-1/2"]
[WhiteElo "2129"]
[BlackElo "2307"]

1.d4 Nf6 2.c4 g6 3.Nc3 Bg7 4.e4 d6 5.f3 O-O 6.Bg5 c5 7.d5 e6 8.Qd2 exd5 9.cxd5 Bd7
10.a4 Na6 11.Bd3 Nc7 12.Nge2 b6 13.O-O a6 14.Bh6 b5 15.Bxg7 Kxg7 16.axb5 axb5 17.Ng3 b4
18.Nce2 Qe7 19.Rfe1 Nb5 20.Nf1 Rfc8 21.Ne3 Be8 22.Nc4 Ra7 23.Rxa7 Qxa7 24.Ng3 h6
25.f4 Ra8 26.e5 Nd7 27.Qf2  1/2-1/2

[Event "WORLD JUNIOR CHESS CHAMPIONSHIP"]
[Site "PUERTO MADRYN - ARGENTINA"]
[Date "2009.10.23"]
[Round "3"]
[White "Reginato, Sabrina"]
[Black "Kiran, Manisha Mohanty"]
[Result "0-1"]
[WhiteElo "1880"]
[BlackElo "2153"]

1.d4 Nf6 2.Nf3 g6 3.c3 Bg7 4.Bf4 d5 5.Nbd2 O-O 6.h3 c5 7.e3 Nc6 8.Be2 Nd7 9.O-O
e5 10.dxe5 Ndxe5 11.e4 Nxf3+ 12.Bxf3 d4 13.Nb3 Qf6 14.Bd2 Qe7 15.Qc2 Be6 16.cxd4
c4 17.Nc1 Nxd4 18.Qd1 Rfd8 19.Bc3 Nb3 20.Qe2 Nxa1 21.Bxg7 Kxg7 22.Qe3 Nc2 23.Qc3+
Nd4  0-1

[Event "WORLD JUNIOR CHESS CHAMPIONSHIP"]
[Site "PUERTO MADRYN - ARGENTINA"]
[Date "2009.10.23"]
[Round "3"]
[White "Fernandez, Maria Florencia"]
[Black "Anton, Sarah"]
[Result "1-0"]
[WhiteElo "2159"]
[BlackElo "1820"]

1.d4 d6 2.c4 g6 3.Nc3 Bg7 4.e4 Nf6 5.f3 O-O 6.Be3 c6 7.Qd2 Na6 8.g4 e5 9.d5 c5 10.Nge2
Rb8 11.Ng3 Bd7 12.h4 Nc7 13.h5 b5 14.Bh6 bxc4 15.Bxg7 Kxg7 16.hxg6 fxg6 17.Qh6+ Kf7
18.g5 Nce8 19.gxf6 Nxf6 20.O-O-O Qa5 21.Qd2 Rb7 22.Bxc4 Rfb8 23.b3 Qb4 24.Rh2 a5
25.a4 Qa3+ 26.Qb2 Qb4 27.Nb5 Bxb5 28.Bxb5 Kg7 29.Rc2 Rxb5 30.axb5 Qxb5 31.Rc4
Nd7 32.Rh1 h6 33.Rg1 Nb6 34.Nf5+ Kh7 35.Rxg6  1-0

[Event "WORLD JUNIOR CHESS CHAMPIONSHIP"]
[Site "PUERTO MADRYN - ARGENTINA"]
[Date "2009.10.23"]
[Round "3"]
[White "Congiu, Mathilde"]
[Black "De Leon, Patricia"]
[Result "1-0"]
[WhiteElo "2149"]
[BlackElo "1741"]

1.e4 e6 2.d4 d5 3.exd5 exd5 4.Nf3 Bd6 5.c4 Ne7 6.c5 Bxc5 7.dxc5 O-O 8.Bd3 Nd7 9.O-O
Nf6 10.Bg5 Ng6 11.Nc3 Be6 12.Nd4 Re8 13.Nxe6 fxe6 14.Qc2 Nf8 15.Rfe1 c6 16.f4 Qe7 17.Qf2
Qf7 18.Qd4 N6d7 19.Re3 b6 20.b4 bxc5 21.bxc5 Rab8 22.Nd1 h6 23.Bxh6  1-0

[Event "WORLD JUNIOR CHESS CHAMPIONSHIP"]
[Site "PUERTO MADRYN - ARGENTINA"]
[Date "2009.10.23"]
[Round "3"]
[White "Guo, Emma"]
[Black "Jorquera Cabello, Valentina"]
[Result "1-0"]
[WhiteElo "1920"]
[BlackElo "1997"]

1.e4 c5 2.Nc3 d6 3.f4 Nc6 4.Nf3 g6 5.Bb5 Bg7 6.O-O a6 7.Bxc6+ bxc6 8.d3 e6 9.Qe1
Ne7 10.Kh1 O-O 11.Qh4 d5 12.Ng5 h6 13.Nf3 f5 14.e5 d4 15.Ne2 Nd5 16.Qg3 Kh7 17.a3
Rg8 18.Qh3 Bf8 19.g4 Kg7 20.Rg1 Kf7 21.Nh4 Be7 22.Nf3 Rh8 23.gxf5 exf5 24.Bd2 Be6
25.Rg2 Qd7 26.Rag1 Rag8 27.Rg3 Rg7 28.Qg2 Rhg8 29.Qh3 h5 30.Nh4 Ne3 31.c4 Ng4
32.R3g2 Rb8 33.Bc1 Rb3 34.Nf3 Kf8 35.Nd2 Rb8 36.Nf3 Qd8 37.Qg3 Rb3 38.Nd2 Bh4 39.Qf3
Rb6 40.h3 Rh7 41.Nf1 g5 42.fxg5 Nxe5 43.Qf4 Ng6 44.Qf3 Qe7 45.Nf4 Qf7 46.Re2 Nxf4
47.Qxf4 Bxc4 48.dxc4 Qxc4 49.Re5 Rf7 50.g6  1-0

[Event "WORLD JUNIOR CHESS CHAMPIONSHIP"]
[Site "PUERTO MADRYN - ARGENTINA"]
[Date "2009.10.23"]
[Round "3"]
[White "Martinez De Negri, M  Agustina"]
[Black "Mendoza Velazquez, Lorena Alejand"]
[Result "0-1"]
[WhiteElo "1945"]
[BlackElo "1973"]

1.e4 c5 2.Nc3 g6 3.f4 Bg7 4.Nf3 Nc6 5.Bc4 e6 6.d3 Nge7 7.O-O O-O 8.Qe1 Na5 9.Bb3
d5 10.exd5 Nxb3 11.axb3 exd5 12.Qf2 d4 13.Ne4 b6 14.Bd2 Nd5 15.Ne5 h6 16.Rae1 Qc7 17.Ng3
Re8 18.Nc4 Bd7 19.f5 Bb5 20.Na3 Ba6 21.Ne4 Ne3 22.f6 Rxe4 23.fxg7 Nxf1 24.Rxe4
Nxd2 25.Qxd2 Kxg7 26.Qe2 Rd8 27.Nb1 Bb7 28.Rh4 Rd5 29.Nd2 Re5 30.Qf2 Qe7 31.Rf4 Re1+
32.Nf1 f5 33.Qg3 Qe3+ 34.Kh1 Qxg3 35.hxg3 Re2  0-1

[Event "WORLD JUNIOR CHESS CHAMPIONSHIP"]
[Site "PUERTO MADRYN - ARGENTINA"]
[Date "2009.10.23"]
[Round "3"]
[White "Bucar, Natasa"]
[Black "Anu, Bayar"]
[Result "0-1"]
[WhiteElo "1972"]
[BlackElo "1876"]

1.e4 e5 2.Nf3 Nc6 3.Bb5 a6 4.Bxc6 dxc6 5.Nc3 Bg4 6.h3 Bh5 7.g4 Bg6 8.Nxe5 Bc5 9.Nxg6
hxg6 10.Qf3 Qh4 11.Ne2 O-O-O 12.c3 Nf6 13.d4 Be7 14.Ng3 Rdf8 15.Bf4 Nd7 16.O-O-O Bg5
17.Ne2 f5 18.gxf5 gxf5 19.e5 Bxf4+ 20.Nxf4 Nb6 {ilegible}  0-1

[Event "WORLD JUNIOR CHESS CHAMPIONSHIP"]
[Site "PUERTO MADRYN - ARGENTINA"]
[Date "2009.10.23"]
[Round "3"]
[White "Hattingh, Angelique"]
[Black "Martinez, Janine"]
[Result "0-1"]
[WhiteElo "1790"]
[BlackElo "1948"]

1.e4 e6 2.d4 d5 3.Nd2 c5 4.exd5 Qxd5 5.Ngf3 cxd4 6.Bc4 Qd6 7.O-O Be7 8.Nb3 e5 9.Re1
Nc6 10.h3 a6 11.Qe2 f6 12.a4 Bf5 13.Nh4 g6 14.Nxf5 gxf5 15.Qh5+ Kd7 16.Qxf5+ Kc7
17.Qg4 f5 18.Qxf5 Rf8 19.Qe6 Qxe6 20.Bxe6 Rf6 21.Bd5 Bb4 22.Re2 Nge7 23.Be4 Na5
24.Bg5 Rf7 25.Nd2 Rg8 26.Nf3 Bd6 27.Rae1 Rxf3 28.Bxe7 Rxh3 29.Bxd6+ Kxd6 30.Bf5 Rh6
31.Rxe5 Nc4 32.R5e4 Kc5 33.Be6 Rd8 34.b3 Nd6 35.Re5+ Kb4 36.Rd5 Kc3 37.Re2 b6 38.g3
Nb7 39.Rxd8 Nxd8 40.Bc4 Nc6 41.Bd3 Nb4 42.Bf5 a5 43.f4 Nd5 44.g4 Nxf4 45.Re7 Nd5 46.Rxh7
Rf6 47.Rh2 Ne3 48.Rf2 Rf8 49.Rf3 Kd2 50.Rf2+ Ke1 51.Rf4 Rg8 {tiempo}  0-1

[Event "JUNIOR WORLD CHESS CHAMPIONSHI"]
[Site "Puerto Madryn, Argentina"]
[Date "2009.10.24"]
[Round "4.3"]
[White "Mikadze, Miranda"]
[Black "Cori Tello, Deysi"]
[Result "1/2-1/2"]
[WhiteElo "2317"]
[BlackElo "2361"]
[PlyCount "65"]
[EventDate "2009.10.22"]

1. d4 Nf6 2. Nc3 d5 3. Bg5 Nbd7 4. Qd3 c6 5. e4 dxe4 6. Nxe4 Nxe4 7. Qxe4 h6 8.
Bf4 g5 9. Bd2 Bg7 10. Nf3 Nf6 11. Qd3 Be6 12. Be2 Qb6 13. Qa3 a5 14. c3 Ne4 15.
Be3 Qc7 16. O-O O-O 17. Rfe1 b5 18. Bd3 Bd5 19. Nd2 Nxd2 20. Bxd2 e5 21. b3
Rfe8 22. Qb2 c5 23. c4 bxc4 24. bxc4 Bc6 25. d5 e4 26. Bc3 Rab8 27. Qd2 Bxc3
28. Qxc3 exd3 29. dxc6 Qd6 30. Rad1 Rbd8 31. Re3 Qxc6 32. Rexd3 Qb6 33. h4
1/2-1/2

[Event "JUNIOR WORLD CHESS CHAMPIONSHI"]
[Site "Puerto Madryn, Argentina"]
[Date "2009.10.24"]
[Round "4.2"]
[White "Ivakhinova, Inna"]
[Black "Zhang, Xiaowen"]
[Result "0-1"]
[WhiteElo "2249"]
[BlackElo "2391"]
[PlyCount "108"]
[EventDate "2009.10.22"]

1. d4 Nf6 2. c4 g6 3. Nc3 Bg7 4. e4 d6 5. Nf3 O-O 6. Be2 e5 7. Be3 Nbd7 8. O-O
Qe7 9. Qc2 c6 10. d5 c5 11. Nd2 Ne8 12. a3 f5 13. f3 f4 14. Bf2 h5 15. b4 b6
16. Rab1 g5 17. Kh1 Rf6 18. Qa4 Kh7 19. g4 fxg3 20. hxg3 Nf8 21. Kg2 Bh6 22.
Qc2 Ng6 23. Rh1 h4 24. g4 Nf4+ 25. Kf1 Qf7 26. Nd1 Nxe2 27. Kxe2 Rxf3 28. Nxf3
Bxg4 29. Rb3 Ng7 30. Qc3 Rf8 31. Rf1 Nh5 32. bxc5 bxc5 33. Rg1 Ng3+ 34. Bxg3
Qh5 35. Be1 Bxf3+ 36. Qxf3 Rxf3 37. Rxf3 h3 38. Rh1 g4 39. Rf5 Qe8 40. Nf2 Qa4
41. Kd3 g3 42. Nxh3 Qd1+ 43. Kc3 Qc1+ 44. Kb3 g2 45. Rh2 Qd1+ 46. Ka2 Qc2+ 47.
Ka1 Qc1+ 48. Ka2 Qxc4+ 49. Kb2 Bc1+ 50. Kb1 Qxe4+ 51. Kxc1 Qxe1+ 52. Kb2 Qd2+
53. Kb3 Qxd5+ 54. Kc3 Qd4+ 0-1

[Event "JUNIOR WORLD CHESS CHAMPIONSHI"]
[Site "Puerto Madryn, Argentina"]
[Date "2009.10.24"]
[Round "4.4"]
[White "Paulet, Iozefina"]
[Black "Umudova, Nargiz"]
[Result "1-0"]
[WhiteElo "2342"]
[BlackElo "2254"]
[PlyCount "69"]
[EventDate "2009.10.22"]

1. e4 c5 2. Nf3 Nc6 3. d4 cxd4 4. Nxd4 g6 5. c4 Bg7 6. Be3 Nf6 7. Nc3 d6 8. Be2
O-O 9. O-O Bd7 10. h3 a6 11. Qd2 b5 12. cxb5 Nxd4 13. Bxd4 axb5 14. Bxf6 Bxf6
15. Nxb5 Bc6 16. Nc3 Bxc3 17. Qxc3 Bxe4 18. b4 Qb6 19. b5 Ra5 20. a4 Rfa8 21.
Qb3 d5 22. Rfc1 d4 23. Bc4 Qf6 24. Bd5 Bxd5 25. Qxd5 d3 26. Qxd3 Rxa4 27. Rxa4
Rxa4 28. Qb3 Rd4 29. Rc6 Qe5 30. b6 Re4 31. Rc1 Qf4 32. Rc8+ Kg7 33. Qc3+ f6
34. b7 Re2 35. Qg3 1-0

[Event "JUNIOR WORLD CHESS CHAMPIONSHI"]
[Site "Puerto Madryn, Argentina"]
[Date "2009.10.24"]
[Round "4.5"]
[White "Kiran, Manisha Mohanty"]
[Black "Severiukhina, Zoja"]
[Result "0-1"]
[WhiteElo "2153"]
[BlackElo "2339"]
[PlyCount "66"]
[EventDate "2009.10.22"]

1. e4 c5 2. Nf3 d6 3. d4 cxd4 4. Nxd4 Nf6 5. Nc3 a6 6. Bc4 g6 7. f3 Bg7 8. Be3
Nc6 9. Qe2 O-O 10. O-O-O Ne5 11. Bb3 Bd7 12. h4 h5 13. Kb1 b5 14. Nd5 Nxd5 15.
Bxd5 Rb8 16. g4 e6 17. Bb3 a5 18. a3 a4 19. Ba2 b4 20. axb4 a3 21. b3 Qc7 22.
Qe1 Rfc8 23. c4 d5 24. c5 dxe4 25. gxh5 Nxf3 26. Nxf3 exf3 27. Bd4 e5 28. Bc3
Bf5+ 29. Ka1 Rxb4 30. hxg6 Qxc5 31. gxf7+ Kf8 32. Rc1 Qxc3+ 33. Qxc3 Rxc3 0-1

[Event "JUNIOR WORLD CHESS CHAMPIONSHI"]
[Site "Puerto Madryn, Argentina"]
[Date "2009.10.24"]
[Round "4.6"]
[White "Padmini, Rout"]
[Black "Leks, Hanna"]
[Result "1-0"]
[WhiteElo "2331"]
[BlackElo "2169"]
[PlyCount "65"]
[EventDate "2009.10.22"]

1. e4 c5 2. Nf3 d6 3. d4 cxd4 4. Nxd4 Nf6 5. Nc3 Nc6 6. Bg5 e6 7. Qd2 a6 8.
O-O-O Qb6 9. Nb3 Be7 10. f3 O-O 11. g4 Rd8 12. Be3 Qc7 13. g5 Nd7 14. h4 b5 15.
g6 fxg6 16. h5 gxh5 17. Rxh5 Nf6 18. Rh1 Ne5 19. Qf2 Rb8 20. Bh3 Bd7 21. Nd4
Qc4 22. Kb1 Re8 23. Nce2 Bd8 24. Qh2 Nxf3 25. Nxf3 Qxe4 26. Qf2 Nd5 27. Bc1 Bf6
28. Ned4 Rf8 29. Qh2 b4 30. Rhe1 Nc3+ 31. bxc3 bxc3+ 32. Ka1 Qb7 33. Ba3 1-0

[Event "JUNIOR WORLD CHESS CHAMPIONSHI"]
[Site "Puerto Madryn, Argentina"]
[Date "2009.10.24"]
[Round "4.7"]
[White "Steil-Antoni, Fiona"]
[Black "Soumya, Swaminathan"]
[Result "1/2-1/2"]
[WhiteElo "2152"]
[BlackElo "2297"]
[PlyCount "103"]
[EventDate "2009.10.22"]

1. e4 c5 2. Nf3 d6 3. Bb5+ Nd7 4. O-O Ngf6 5. Re1 g6 6. c3 Bg7 7. d4 O-O 8. h3
a6 9. Bf1 cxd4 10. cxd4 b6 11. Nc3 Bb7 12. Bf4 b5 13. Qd3 Nb6 14. e5 Nfd5 15.
Nxd5 Bxd5 16. Qe3 Qd7 17. Bh6 Bxh6 18. Qxh6 Bxf3 19. gxf3 dxe5 20. dxe5 Rad8
21. Qe3 Qe6 22. b3 Rd7 23. Rad1 Nd5 24. Qg5 Rfd8 25. Kh2 Qb6 26. Kg3 f6 27.
exf6 exf6 28. Qc1 Qd6+ 29. Kg2 Nf4+ 30. Kh1 Nd5 31. Bg2 Qf4 32. Re6 a5 33. Qxf4
Nxf4 34. Rxd7 Rxd7 35. Rxf6 Nxg2 36. Kxg2 Rd2 37. a3 Rd3 38. Ra6 Rxb3 39. Rxa5
Kf7 40. a4 b4 41. Rb5 Ke6 42. a5 Kf6 43. a6 Ra3 44. Rxb4 Rxa6 45. Rb7 h6 46.
Rh7 h5 47. Rb7 Ra4 48. Kg3 h4+ 49. Kg2 g5 50. Rb8 Kf5 51. Rf8+ Ke5 52. Re8+
1/2-1/2

[Event "JUNIOR WORLD CHESS CHAMPIONSHI"]
[Site "Puerto Madryn, Argentina"]
[Date "2009.10.24"]
[Round "4.8"]
[White "Paikidze, Nazi"]
[Black "Heredia Serrano, Carla"]
[Result "1-0"]
[WhiteElo "2279"]
[BlackElo "2152"]
[PlyCount "97"]
[EventDate "2009.10.22"]

1. e4 c5 2. b3 d6 3. Bb2 e6 4. Nf3 Nf6 5. Nc3 Be7 6. Be2 O-O 7. O-O Nc6 8. d4
b6 9. d5 exd5 10. exd5 Nb4 11. a3 Na6 12. Nb1 Nc7 13. c4 Bf5 14. Bd3 Qd7 15.
Qc2 Bxd3 16. Qxd3 b5 17. Nbd2 a5 18. Rfe1 Rfb8 19. cxb5 Ncxd5 20. a4 Re8 21.
Nc4 Nf4 22. Qf1 Qf5 23. Ne3 Qh5 24. Qc4 Nh3+ 25. Kf1 Ng5 26. Nxg5 Qxg5 27. Rad1
Bf8 28. Bxf6 Qxf6 29. Nd5 Rxe1+ 30. Rxe1 Qh6 31. h3 g6 32. Nf6+ Kh8 33. Qxf7
Qg7 34. Qe6 Ra7 35. Ne8 Qd4 36. Qf6+ Qxf6 37. Nxf6 Kg7 38. Nd5 Kf7 39. Re4 Rb7
40. Ke2 Bg7 41. Kd3 g5 42. g3 Be5 43. f4 gxf4 44. gxf4 Bf6 45. Kc4 Bd8 46. f5
Kf8 47. Re6 Rg7 48. Rxd6 Ke8 49. f6 1-0